Speak with butterflies : (Record no. 10023)
[ view plain ]
| 000 -LEADER | |
|---|---|
| fixed length control field | 00683nam a22002177a 4500 |
| 003 - CONTROL NUMBER IDENTIFIER | |
| control field | SISC |
| 005 - DATE AND TIME OF LATEST TRANSACTION | |
| control field | 20160215155306.0 |
| 008 - FIXED-LENGTH DATA ELEMENTS--GENERAL INFORMATION | |
| fixed length control field | 130830t xxu||||| |||| 00| 0 eng d |
| 020 ## - INTERNATIONAL STANDARD BOOK NUMBER | |
| International Standard Book Number | 9718798013 |
| 050 ## - LIBRARY OF CONGRESS CALL NUMBER | |
| Classification number | QL 544.2 |
| Item number | .D362 1995 |
| 082 ## - DEWEY DECIMAL CLASSIFICATION NUMBER | |
| Classification number | HS 808.5 |
| Item number | D37 1991 |
| 100 ## - MAIN ENTRY--PERSONAL NAME | |
| Personal name | Delos Reyes, Rodolfo A. |
| 9 (RLIN) | 15770 |
| 245 ## - TITLE STATEMENT | |
| Title | Speak with butterflies : |
| Remainder of title | learn and laugh your way to effective business presentations / |
| Statement of responsibility, etc | Rodolfo "Dups" A. Delos Reyes. |
| 260 ## - PUBLICATION, DISTRIBUTION, ETC. (IMPRINT) | |
| Place of publication, distribution, etc | S.I. : |
| Name of publisher, distributor, etc | Prosec, Inc, |
| Date of publication, distribution, etc | c1991. |
| 300 ## - PHYSICAL DESCRIPTION | |
| Extent | 232 p. : |
| Other physical details | ill. ; |
| Dimensions | 20 cm. |
| 500 ## - GENERAL NOTE | |
| General note | includes index. |
| 650 ## - SUBJECT ADDED ENTRY--TOPICAL TERM | |
| Topical term or geographic name as entry element | guidebook |
| General subdivision | public speaking |
| 9 (RLIN) | 15771 |
| 942 ## - ADDED ENTRY ELEMENTS (KOHA) | |
| Source of classification or shelving scheme | Library of Congress Classification |
| Koha item type | Books |
| Withdrawn status | Lost status | Source of classification or shelving scheme | Damaged status | Home library | Current library | Shelving location | Date acquired | Total Checkouts | Full call number | Barcode | Date last seen | Copy number | Price effective from | Koha item type |
|---|---|---|---|---|---|---|---|---|---|---|---|---|---|---|
| Library of Congress Classification | Luxembourg Library | Luxembourg Library | High School Section | 08/30/2013 | QL 544.2 .D362 1995 | 2246 | 08/30/2013 | 1 | 10/03/2013 | Books | ||||
| Library of Congress Classification | Luxembourg Library | Luxembourg Library | High School Section | 08/30/2013 | QL 544.2 .D362 1991 | 2436 | 08/30/2013 | 2 | 08/30/2013 | Books |